MARC

LEADER 00000nam0a2200000 4500
001 371873
005 20231101045926.0
035 |a (RuTPU)RU\TPU\retro\29287 
090 |a 371873 
100 |a 20221124d1978 m y0rusy50 ca 
101 0 |a rus 
102 |a UA 
105 |a a j 001zy 
200 1 |a Конструкция и прочность самолетов  |e учебное пособие для вузов  |f В. Н. Зайцев, В. Л. Рудаков 
205 |a 2-е изд., перераб. и доп. 
210 |a Киев  |c Вища школа  |d 1978 
215 |a 288 с.  |c ил. 
320 |a Библиогр.: с. 480-482 
606 1 |a Самолеты  |x Конструкция и расчет  |2 stltpush  |3 (RuTPU)RU\TPU\subj\53653 
610 1 |a нагрузки 
610 1 |a силовые элементы 
610 1 |a крылья 
610 1 |a схемы 
610 1 |a опреснение 
610 1 |a механизация 
610 1 |a фюзеляж 
610 1 |a герметические кабины 
610 1 |a катапульты 
610 1 |a авиационные двигатели 
610 1 |a шасси 
610 1 |a вибрации 
610 1 |a аэроупругость 
610 1 |a прочность 
610 1 |a учебные пособия 
675 |a 629.73.02(075.8)  |v 4 
700 1 |a Зайцев  |b В. Н.  |g Валентин Николаевич 
701 1 |a Рудаков  |b В. Л.  |g Владимир Леонтьевич 
801 1 |a RU  |b 63413507  |c 20221124 
942 |c BK